000 00594nmm a2200205 a 4500
003 AR-BaBNM
005 20251128204653.0
008 066019s1990 ||||||||||||||000 | spa||
040 _cAR-BaBNM
110 2 _aAbuelas de Plaza de Mayo
245 1 0 _aNiños desaparecidos y niños desaparecidos nacidos en cautiverio
260 _aBuenos Aires
_bAbuelas de Plaza de Mayo
_c1990
300 _a136 p.
_btablas, il.
650 4 _aDERECHOS HUMANOS
650 4 _aDESAPARICION DE PERSONAS
650 4 _aVIOLACION DE LOS DERECHOS HUMANOS
651 4 _aArgentina
942 _cBK
998 _cEnrique
999 _c8328
_d8328